书目信息 |
| 题名: |
《资本论》讲解
|
|
| 作者: | 俞明仁 著 | |
| 分册: | 第二卷 | |
| 出版信息: | 杭州 浙江人民出版社 1981-1983 |
|
| 页数: | 4册 | |
| 开本: | 21cm | |
| 丛书名: | ||
| 单 册: | ||
| 中图分类: | A811.23 , A81 | |
| 科图分类: | ||
| 主题词: | 马克思主义政治经济学--研究 , 马克思著作研究-资本论 | |
| 电子资源: | ||
| ISBN: | ||
| 000 | 00716nam0 2200265 45 | |
| 001 | 1263636000 | |
| 005 | 20090929162306.14 | |
| 010 | @dCNY1.00 | |
| 091 | @aCN@b4103.24(2) | |
| 100 | @a19950522f19811983emky0chiy0121 ea | |
| 101 | 0 | @achi |
| 102 | @aCN@b330000 | |
| 105 | @ay z 000yy | |
| 200 | 12 | @a《资本论》讲解@A《 zi ben lun》 jiang jie@h第二卷@f俞明仁著 |
| 210 | @a杭州@c浙江人民出版社@d1981-1983 | |
| 215 | @a4册@d21cm | |
| 605 | @a资本论-马克思著作研究 | |
| 606 | 0 | @a马克思主义政治经济学@x研究 |
| 606 | 0 | @a马克思著作研究-资本论 |
| 690 | @aA811.23@v3 | |
| 690 | @aA81@v4 | |
| 701 | 0 | @a俞明仁@Ayu ming ren@4著 |
| 801 | 2 | @aCN@bNLC@c20060724 |
| 801 | 0 | @aCN@bTSSF |
| 905 | @a10447@dA81@eJY5:2 | |
| 《资本论》讲解.第二卷/俞明仁著.-杭州:浙江人民出版社,1981-1983 |
| 4册;21cm |
| ISBN :CNY1.00 |
| ● |
| 相关链接 |
|
|
|
|
正题名:《资本论》讲解
索取号:A81/JY5:2
 
预约/预借
| 序号 | 登录号 | 条形码 | 馆藏地/架位号 | 状态 | 备注 |
| 1 | 7809426 | 278094269 | 学院路分馆/ [索取号:A81/JY5:2] | 在馆 |